003640000a22001090004500090001700000245009400017041001300111100002500124942001300149773007500162999001700237 aASbSeriadas10aAdoption of an infant observed in a wild group of red howler monkeys (Alouatta seniculus)0 aInglés1 aIzawa, Kosei9100240 cARTICULO1 tField Studies of Fauna and Flora La Macarena, Colombiaq33-36d1989g2 c16031d16031